000 01266nam a22002777a 4500
003 OSt
005 20251013114332.0
008 251013b |||||||| |||| 00| 0 eng d
020 _a9788126578436
040 _cAL
041 _aeng
082 _a530.41
_bKITI
100 _aCharles Kittel
_9242063
245 _aIntroduction to solid state physics
260 _aNew Delhi
_bWiley
_c2024
300 _axix,692p.
_bPB
_c23.5x18cm
365 _2Electronics and Communication Engineering
_aABDI/0818/25
_b764.25
_c
_d1019.00
_e25%
_f03-10-2025
520 _aIntroduction to solid state Physics has been the standard solid state Physics text for Physics majors. The author’s goal from the beginning has been to write a book that is accessible to undergraduate and consistently teachable. The emphasis in the book has always been on Physics rather than formal Mathematics. with each new edition, the author has attempted to add important new developments in the field without sacrificing the book’s accessibility and teach ability.
650 _aCrystal
_9242064
650 _aNanostructure
_9242065
650 _aAlloys
_9242066
650 _aPolarons
_9242067
650 _aGlobal Edition
_9242068
700 _aMcEuen, Paul
_9242069
942 _2ddc
_cBK
999 _c240529
_d240529